00493nam a22001097a 4500008004100000040005500041080002200096245018500118260005500303300001000358650001500368230622b |||||||| |||| 00| 0 eng d aNational Science LibrarycNational Science Library a628.11(082.2)bP2 aNational conference on water resources development & managementc/ Organised by Civil Engineering Department Birla Institute of Technology Mesra, Ranchi held on 9-10 February, 2002 aJharkhand: bBirla Institute of Technology, c2002 a172p. aConference